<?xml version="1.0" encoding="UTF-8"?>
<record
    xmlns:xsi="http://www.w3.org/2001/XMLSchema-instance"
    xsi:schemaLocation="http://www.loc.gov/MARC21/slim http://www.loc.gov/standards/marcxml/schema/MARC21slim.xsd"
    xmlns="http://www.loc.gov/MARC21/slim">

  <leader>00830nam a22002297a 4500</leader>
  <controlfield tag="005">20151130110244.0</controlfield>
  <controlfield tag="008">a050418s2003    sp a          000 0 spa u</controlfield>
  <datafield tag="020" ind1=" " ind2=" ">
    <subfield code="a">8492342773</subfield>
  </datafield>
  <datafield tag="100" ind1="1" ind2=" ">
    <subfield code="a">Cowell, Rick L.</subfield>
  </datafield>
  <datafield tag="245" ind1="1" ind2="0">
    <subfield code="a">Citolog&#xED;a y hematolog&#xED;a diagn&#xF3;stica en el perro y el gato / </subfield>
    <subfield code="c">Rick Cowell, Ronald D. Tyler y James H. Meinkoth ; tr. Rafaela Cuenca Valera </subfield>
  </datafield>
  <datafield tag="250" ind1=" " ind2=" ">
    <subfield code="a">2a ed.</subfield>
  </datafield>
  <datafield tag="260" ind1=" " ind2=" ">
    <subfield code="a">Barcelona, Espa&#xF1;a : </subfield>
    <subfield code="b">Multim&#xE9;dica, </subfield>
    <subfield code="c">2003</subfield>
  </datafield>
  <datafield tag="300" ind1=" " ind2=" ">
    <subfield code="a">xii, 338 : p. : </subfield>
    <subfield code="b">il. ; </subfield>
    <subfield code="c">28 cm.</subfield>
  </datafield>
  <datafield tag="504" ind1=" " ind2=" ">
    <subfield code="a">Incluye bibliograf&#xED;a e &#xED;ndice</subfield>
  </datafield>
  <datafield tag="650" ind1=" " ind2="4">
    <subfield code="a">Perros </subfield>
    <subfield code="x">Enfermedades </subfield>
    <subfield code="x">Diagn&#xF3;stico.</subfield>
  </datafield>
  <datafield tag="650" ind1=" " ind2="4">
    <subfield code="a">Gatos </subfield>
    <subfield code="x">Enfermedades </subfield>
    <subfield code="x">Diagn&#xF3;stico.</subfield>
  </datafield>
  <datafield tag="650" ind1=" " ind2="4">
    <subfield code="a">Citolog&#xED;a veterinaria.</subfield>
  </datafield>
  <datafield tag="700" ind1="1" ind2=" ">
    <subfield code="a">Tyler, Ronald D., </subfield>
    <subfield code="e">coaut.</subfield>
  </datafield>
  <datafield tag="700" ind1="1" ind2=" ">
    <subfield code="a">Meinkoth, James H.,</subfield>
    <subfield code="e">coaut.</subfield>
  </datafield>
  <datafield tag="942" ind1=" " ind2=" ">
    <subfield code="2">lcc</subfield>
    <subfield code="c">LIB</subfield>
  </datafield>
  <datafield tag="999" ind1=" " ind2=" ">
    <subfield code="c">55351</subfield>
    <subfield code="d">55351</subfield>
  </datafield>
  <datafield tag="952" ind1=" " ind2=" ">
    <subfield code="1">0</subfield>
    <subfield code="2">lcc</subfield>
    <subfield code="4">0</subfield>
    <subfield code="7">0</subfield>
    <subfield code="a">LIC-013</subfield>
    <subfield code="b">LIC-013</subfield>
    <subfield code="c">GENERAL</subfield>
    <subfield code="d">2015-03-24</subfield>
    <subfield code="f">2a ed.</subfield>
    <subfield code="k">CA</subfield>
    <subfield code="o">SF772 .6 C68 2003</subfield>
    <subfield code="p">MVZ000000029</subfield>
    <subfield code="r">2015-03-24 00:00:00</subfield>
    <subfield code="t">C:1</subfield>
    <subfield code="y">LIB</subfield>
  </datafield>
  <datafield tag="952" ind1=" " ind2=" ">
    <subfield code="1">0</subfield>
    <subfield code="2">lcc</subfield>
    <subfield code="4">0</subfield>
    <subfield code="7">0</subfield>
    <subfield code="a">LIC-013</subfield>
    <subfield code="b">LIC-013</subfield>
    <subfield code="c">GENERAL</subfield>
    <subfield code="d">2015-03-24</subfield>
    <subfield code="f">2a ed.</subfield>
    <subfield code="k">CA</subfield>
    <subfield code="l">2</subfield>
    <subfield code="o">SF772 .6 C68 2003</subfield>
    <subfield code="p">MVZ000000028</subfield>
    <subfield code="r">2024-05-16 12:23:38</subfield>
    <subfield code="s">2024-05-14</subfield>
    <subfield code="t">C:2</subfield>
    <subfield code="y">LIB</subfield>
  </datafield>
  <datafield tag="952" ind1=" " ind2=" ">
    <subfield code="1">0</subfield>
    <subfield code="2">lcc</subfield>
    <subfield code="4">0</subfield>
    <subfield code="7">0</subfield>
    <subfield code="a">LIC-013</subfield>
    <subfield code="b">LIC-013</subfield>
    <subfield code="c">GENERAL</subfield>
    <subfield code="d">2015-03-24</subfield>
    <subfield code="f">2a ed.</subfield>
    <subfield code="k">CA</subfield>
    <subfield code="o">SF772 .6 C68 2003</subfield>
    <subfield code="p">MVZ000000027</subfield>
    <subfield code="r">2015-03-24 00:00:00</subfield>
    <subfield code="t">C:3</subfield>
    <subfield code="y">LIB</subfield>
  </datafield>
  <datafield tag="952" ind1=" " ind2=" ">
    <subfield code="1">0</subfield>
    <subfield code="2">lcc</subfield>
    <subfield code="4">0</subfield>
    <subfield code="7">0</subfield>
    <subfield code="a">LIC-013</subfield>
    <subfield code="b">LIC-013</subfield>
    <subfield code="c">GENERAL</subfield>
    <subfield code="d">2015-03-24</subfield>
    <subfield code="f">2a ed.</subfield>
    <subfield code="k">CA</subfield>
    <subfield code="o">SF772 .6 C68 2003</subfield>
    <subfield code="p">MVZ000000026</subfield>
    <subfield code="r">2015-03-24 00:00:00</subfield>
    <subfield code="t">C:4</subfield>
    <subfield code="y">LIB</subfield>
  </datafield>
  <datafield tag="952" ind1=" " ind2=" ">
    <subfield code="1">0</subfield>
    <subfield code="2">lcc</subfield>
    <subfield code="4">0</subfield>
    <subfield code="7">0</subfield>
    <subfield code="a">LIC-013</subfield>
    <subfield code="b">LIC-013</subfield>
    <subfield code="c">GENERAL</subfield>
    <subfield code="d">2015-03-24</subfield>
    <subfield code="f">2a ed.</subfield>
    <subfield code="k">CA</subfield>
    <subfield code="o">SF772 .6 C68 2003</subfield>
    <subfield code="p">MVZ000000025</subfield>
    <subfield code="r">2015-03-24 00:00:00</subfield>
    <subfield code="t">C.5</subfield>
    <subfield code="y">LIB</subfield>
  </datafield>
</record>
